[Event "SCO-ch 125th"]
[Site "Paisley"]
[Date "2018.07.14"]
[Round "8"]
[White "MacRae, James"]
[Black "Nepveu, Manuel"]
[Result "0-1"]
[WhiteElo "1624"]
[BlackElo "1931"]
[PlyCount "84"]
[EventDate "2018.07.07"]
[EventType "swiss"]
[EventRounds "9"]
[EventCountry "SCO"]
[SourceTitle "EXT 2019"]
[Source "ChessBase"]
[SourceDate "2018.10.10"]
[SourceVersion "1"]
[SourceVersionDate "2018.10.10"]
[SourceQuality "1"]

1. b3 e5 2. Bb2 Nc6 3. e3 d5 4. Nf3 e4 5. Nd4 Nxd4 6. Bxd4 Nf6 7. c4 Be7 8. cxd5 Qxd5 9. d3 Qa5+ 10. Qd2 Qxd2+ 11. Nxd2 exd3 12. Bxd3 0-0 13. Rc1 c6 14. f3 Ba3 15. Rc2 Nd5 16. Nb1 Bb4+ 17. Kf2 Ba5 18. a3 Be6 19. b4 Bb6 20. Nc3 Rfd8 21. Rd1 Nxb4 22. axb4 Bb3 23. Rcd2 Bxd1 24. Nxd1 Bxd4 25. exd4 Rxd4 26. Nc3 Rxb4 27. Ne4 Rd4 28. Nc3 Rdd8 29. Ke2 g6 30. Rb2 b5 31. Nxb5 cxb5 32. Rxb5 Rab8 33. Rxb8 Rxb8 34. Kd2 Kf8 35. h4 h6 36. g4 Ke7 37. f4 a5 38. Kc3 Kd6 39. h5 gxh5 40. gxh5 f6 41. Kd4 a4 42. Bc4 a3 0-1

[Event "SCO-ch 125th"]
[Site "Paisley"]
[Date "2018.07.10"]
[Round "4"]
[White "Buchanan, Walter F"]
[Black "Nepveu, Manuel"]
[Result "1/2-1/2"]
[WhiteElo "2102"]
[BlackElo "1931"]
[PlyCount "30"]
[EventDate "2018.07.07"]
[EventType "swiss"]
[EventRounds "9"]
[EventCountry "SCO"]
[SourceTitle "CBM 185 Extra"]
[Source "ChessBase"]
[SourceDate "2018.07.29"]
[SourceVersion "1"]
[SourceVersionDate "2018.07.29"]
[SourceQuality "1"]

1. e4 e6 2. d4 d5 3. Nc3 Bb4 4. exd5 exd5 5. Bd3 Ne7 6. Nge2 c6 7. 0-0 Bf5 8. Ng3 Bxd3 9. Qxd3 0-0 10. f4 f5 11. Nb1 Qc7 12. Nd2 Nd7 13. Nf3 g6 14. Bd2 Bd6 15. Ne5 Nf6 1/2-1/2

[Event "Barcelona Sant Marti op-A 18th"]
[Site "Barcelona"]
[Date "2016.07.21"]
[Round "9"]
[White "Ferre Campos, Josep"]
[Black "Nepveu, Manuel"]
[Result "0-1"]
[WhiteElo "1970"]
[BlackElo "1910"]
[PlyCount "80"]
[EventDate "2016.07.13"]
[EventType "swiss"]
[EventRounds "9"]
[EventCountry "ESP"]
[SourceTitle "CBM 173 Extra"]
[Source "ChessBase"]
[SourceDate "2016.08.29"]
[SourceVersion "1"]
[SourceVersionDate "2016.08.29"]
[SourceQuality "1"]

1. e4 e6 2. d4 d5 3. exd5 exd5 4. c4 Nf6 5. Nc3 c6 6. Nf3 Be7 7. Bf4 0-0 8. Bd3 dxc4 9. Bxc4 Nbd7 10. 0-0 Nb6 11. Bd3 Bg4 12. Be5 h6 13. Qe2 Bh5 14. h3 Nfd5 15. Rad1 Nxc3 16. bxc3 Nd5 17. Rc1 Bf6 18. g4 Bg6 19. Bxg6 fxg6 20. c4 Bxe5 21. cxd5 Bf4 22. Rc5 Bd6 23. Rc3 cxd5 24. Ne5 Bxe5 25. dxe5 Rf4 26. Qd3 Kh7 27. Re1 Qb6 28. Re2 Raf8 29. Rb3 Qc6 30. Rc2 Rc4 31. Rd2 d4 32. Rd1 b5 33. Re1 Rc1 34. Rb1 Rxb1 35. Rxb1 Rf3 36. Qxb5 Qe4 37. Qb7 Qf4 38. Rb2 Rxh3 39. Qg2 Qc1+ 40. Qf1 Rh1+ 0-1

[Event "Barcelona Sant Marti op-A 18th"]
[Site "Barcelona"]
[Date "2016.07.14"]
[Round "2"]
[White "Nepveu, Manuel"]
[Black "Fernandez Aguilar, Francisco"]
[Result "1/2-1/2"]
[WhiteElo "1910"]
[BlackElo "2114"]
[PlyCount "122"]
[EventDate "2016.07.13"]
[EventType "swiss"]
[EventRounds "9"]
[EventCountry "ESP"]
[SourceTitle "CBM 173 Extra"]
[Source "ChessBase"]
[SourceDate "2016.08.29"]
[SourceVersion "1"]
[SourceVersionDate "2016.08.29"]
[SourceQuality "1"]

1. d4 d5 2. Nf3 Nf6 3. c4 c6 4. e3 Bf5 5. Nc3 e6 6. Qb3 Qb6 7. Qxb6 axb6 8. cxd5 exd5 9. Be2 Nbd7 10. 0-0 b5 11. Nh4 Bc2 12. Bd1 Bxd1 13. Rxd1 g6 14. Nf3 Bd6 15. Ne2 0-0 16. Ng3 Ra6 17. a3 b4 18. Rb1 bxa3 19. bxa3 b5 20. Rb3 Nb6 21. Ne5 Bxe5 22. dxe5 Nfd7 23. f4 Nc4 24. Rc3 Rfa8 25. e4 Ndb6 26. Kf2 Kf8 27. Kf3 Rd8 28. exd5 Nxd5 29. Rcd3 Rda8 30. Ne4 Nxa3 31. Nc5 R6a7 32. Nd7+ Rxd7 33. Bxa3+ Ke8 34. Bd6 Ra4 35. g3 Ra2 36. Rc1 Rxd6 37. exd6 Kd7 38. h4 Kxd6 39. h5 b4 40. hxg6 hxg6 41. Kg4 Ra5 42. f5 gxf5+ 43. Kxf5 Rc5 44. Rcd1 Rc4 45. Ra1 Rc3 46. Rad1 Rxd3 47. Rxd3 Kc5 48. Ke5 Kc4 49. Rd1 b3 50. Rf1 b2 51. Rb1 Kb3 52. Kd6 Nb4 53. Kc5 f5 54. Rxb2+ Kxb2 55. Kxb4 Kc2 56. Kc5 Kd3 57. Kxc6 Ke4 58. Kd6 Kf3 59. Ke5 Kg4 60. Ke6 f4 61. gxf4 Kxf4 1/2-1/2

[Event "Dresden ZMD op"]
[Site "Dresden"]
[Date "2010.07.17"]
[Round "8"]
[White "Nepveu, Manuel"]
[Black "Kuelzer, Marius"]
[Result "1/2-1/2"]
[WhiteElo "1997"]
[BlackElo "1825"]
[PlyCount "76"]
[EventDate "2010.07.10"]
[EventType "swiss"]
[EventRounds "9"]
[EventCountry "GER"]
[SourceTitle "CBM 137 Extra"]
[Source "ChessBase"]
[SourceDate "2010.09.01"]
[SourceVersion "1"]
[SourceVersionDate "2010.09.01"]
[SourceQuality "1"]

1. d4 Nf6 2. Nf3 e6 3. c4 b6 4. g3 Bb7 5. Bg2 Be7 6. 0-0 0-0 7. d5 exd5 8. Nh4 Re8 9. Nf5 Bf8 10. Nc3 g6 11. Nh6+ Bxh6 12. Bxh6 Ng4 13. Bf4 d6 14. Nxd5 Nc6 15. h4 Kg7 16. Qd2 Nce5 17. Bg5 Qd7 18. Rac1 c6 19. Nb4 a5 20. Nd3 Nxd3 21. Qxd3 f6 22. Bf4 Ne5 23. Qd2 Rad8 24. Bh6+ Kg8 25. b3 Qg4 26. Be3 Nd7 27. Qxd6 Qxe2 28. Bxb6 Nxb6 29. Qc7 Nxc4 30. bxc4 Ba6 31. Qxc6 Bc8 32. Bd5+ Be6 33. Bf3 Qxa2 34. Rfe1 Bf7 35. Bd5 Rxe1+ 36. Rxe1 Bxd5 37. cxd5 Qxd5 38. Qxf6 Rf8 1/2-1/2

[Event "Dresden ZMD op"]
[Site "Dresden"]
[Date "2010.07.15"]
[Round "6"]
[White "Nepveu, Manuel"]
[Black "Amos, Frank"]
[Result "0-1"]
[WhiteElo "1997"]
[BlackElo "2141"]
[PlyCount "78"]
[EventDate "2010.07.10"]
[EventType "swiss"]
[EventRounds "9"]
[EventCountry "GER"]
[SourceTitle "CBM 137 Extra"]
[Source "ChessBase"]
[SourceDate "2010.09.01"]
[SourceVersion "1"]
[SourceVersionDate "2010.09.01"]
[SourceQuality "1"]

1. Nf3 d6 2. d4 g6 3. c4 Bg7 4. e4 Bg4 5. Be2 Nc6 6. Be3 e5 7. d5 Bxf3 8. Bxf3 Nd4 9. Nc3 Nxf3+ 10. Qxf3 Qd7 11. Qe2 f5 12. f3 Nf6 13. 0-0 0-0 14. c5 fxe4 15. fxe4 Ng4 16. cxd6 Nxe3 17. Rxf8+ Bxf8 18. Qxe3 Bxd6 19. Rf1 Qe7 20. Qf3 Bc5+ 21. Kh1 a6 22. h3 Rf8 23. Qxf8+ Qxf8 24. Rxf8+ Kxf8 25. g4 Bd4 26. Nd1 Ke7 27. Kg2 Kd6 28. Kf3 Kc5 29. Ke2 Kc4 30. Kd2 Bc5 31. Ke2 Kd4 32. Nf2 Be7 33. Kf3 Bh4 34. Nd1 Kd3 35. Nc3 b5 36. d6 cxd6 37. Nd5 a5 38. Nc7 b4 39. Nb5 d5 0-1

[Event "La Fere op 8th"]
[Site "La Fere"]
[Date "2009.07.08"]
[Round "6"]
[White "Jimenez, Martin"]
[Black "Nepveu, Manuel"]
[Result "0-1"]
[WhiteElo "1797"]
[BlackElo "2015"]
[PlyCount "66"]
[EventDate "2009.07.04"]
[EventType "swiss"]
[EventRounds "9"]
[EventCountry "FRA"]
[SourceTitle "CBM 131 Extra"]
[Source "ChessBase"]
[SourceDate "2009.09.03"]
[SourceVersion "2"]
[SourceVersionDate "2009.09.16"]
[SourceQuality "1"]

1. d4 Nf6 2. Nf3 e6 3. c4 Bb4+ 4. Bd2 a5 5. e3 b6 6. Bd3 Bb7 7. Nc3 Bxc3 8. Bxc3 Ne4 9. Bxe4 Bxe4 10. 0-0 0-0 11. Nd2 Bb7 12. e4 f5 13. f3 Qg5 14. Qe2 Na6 15. e5 Rae8 16. a3 a4 17. Rad1 Rf7 18. Nb1 f4 19. Bd2 Qh5 20. Nc3 Rf5 21. Nxa4 Ref8 22. Nc3 c5 23. Rde1 cxd4 24. Nb5 d3 25. Qxd3 Qh4 26. Qe2 Rh5 27. h3 Rg5 28. Kh1 Rff5 29. Qf2 Rg3 30. Re2 Bxf3 31. gxf3 Rxh3+ 32. Qh2 Rxe5 33. Qxh3 Qxh3+ 0-1

[Event "La Fere op 8th"]
[Site "La Fere"]
[Date "2009.07.07"]
[Round "5"]
[White "Nepveu, Manuel"]
[Black "Paillard, Maximilien"]
[Result "1/2-1/2"]
[WhiteElo "2015"]
[BlackElo "1462"]
[PlyCount "74"]
[EventDate "2009.07.04"]
[EventType "swiss"]
[EventRounds "9"]
[EventCountry "FRA"]
[SourceTitle "CBM 131 Extra"]
[Source "ChessBase"]
[SourceDate "2009.09.03"]
[SourceVersion "2"]
[SourceVersionDate "2009.09.16"]
[SourceQuality "1"]

1. d4 d5 2. c4 c6 3. Nf3 Nf6 4. e3 e6 5. Nc3 Nbd7 6. Qc2 Bd6 7. Be2 dxc4 8. Bxc4 b5 9. Bd3 a6 10. Bd2 c5 11. Ne4 Qe7 12. dxc5 Bxc5 13. Nxc5 Qxc5 14. Rc1 Qxc2 15. Rxc2 0-0 16. Ke2 Nd5 17. e4 N5b6 18. Rc7 Rb8 19. b3 Rb7 20. Rhc1 Rxc7 21. Rxc7 f6 22. Ba5 e5 23. Ne1 Na8 24. Ra7 Ndb6 25. Nc2 Rf7 26. Rxf7 Kxf7 27. g3 Nd7 28. Ke3 Nc5 29. Nb4 Nb7 30. Nc6 Nxa5 31. Nxa5 Nc7 32. h4 Bd7 33. Nb7 Ne6 34. b4 Ke7 35. f4 h6 36. f5 Nd4 37. Nc5 Bc8 1/2-1/2

[Event "La Fere op 8th"]
[Site "La Fere"]
[Date "2009.07.06"]
[Round "4"]
[White "Daniel, Antoine"]
[Black "Nepveu, Manuel"]
[Result "1/2-1/2"]
[WhiteElo "1835"]
[BlackElo "2015"]
[PlyCount "50"]
[EventDate "2009.07.04"]
[EventType "swiss"]
[EventRounds "9"]
[EventCountry "FRA"]
[SourceTitle "CBM 131 Extra"]
[Source "ChessBase"]
[SourceDate "2009.09.03"]
[SourceVersion "2"]
[SourceVersionDate "2009.09.16"]
[SourceQuality "1"]

1. e4 e6 2. d4 d5 3. exd5 exd5 4. Bd3 Bd6 5. Nf3 Bg4 6. 0-0 Ne7 7. Bg5 f6 8. Bh4 0-0 9. c3 Bf5 10. Bg3 Bxg3 11. hxg3 Qd7 12. Bxf5 Nxf5 13. Qd3 c6 14. Nbd2 Na6 15. Rae1 Rfe8 16. Rxe8+ Rxe8 17. Re1 Nd6 18. Kf1 Nc7 19. Rxe8+ Qxe8 20. Ne1 g6 21. Qe2 Kf7 22. Qxe8+ Ncxe8 23. Ke2 Ke6 24. Nd3 b6 25. Nf4+ Kd7 1/2-1/2

[Event "Groningen Harmonie op-C"]
[Site "Groningen"]
[Date "2007.12.21"]
[Round "1"]
[White "Schlette, Marc"]
[Black "Nepveu, Manuel"]
[Result "1-0"]
[WhiteElo "2189"]
[BlackElo "2031"]
[PlyCount "171"]
[EventDate "2007.12.21"]
[EventType "swiss"]
[EventRounds "5"]
[EventCountry "NED"]
[SourceTitle "CBM 121 Extra"]
[Source "ChessBase"]
[SourceDate "2008.01.10"]
[SourceVersion "1"]
[SourceVersionDate "2008.01.10"]
[SourceQuality "1"]

1. c4 Nf6 2. Nf3 e6 3. g3 b6 4. Bg2 Bb7 5. 0-0 Be7 6. d4 d6 7. Nc3 Ne4 8. Qc2 Nxc3 9. Qxc3 Nd7 10. Rd1 Be4 11. d5 Bxf3 12. dxe6 Bxg2 13. Qxg7 Rf8 14. exd7+ Qxd7 15. Kxg2 Qc6+ 16. Kg1 Qxc4 17. Qxh7 0-0-0 18. Bh6 Rh8 19. Qf5+ Kb8 20. Bg7 Rhg8 21. b3 Qxe2 22. Re1 Qd2 23. Qxf7 Rgf8 24. Bxf8 Rxf8 25. Rxe7 Rxf7 26. Rxf7 Qb2 27. Re1 Qxa2 28. Rc1 Qxb3 29. Rcxc7 Qb1+ 30. Kg2 Qe4+ 31. f3 Qe2+ 32. Kh3 Qa6 33. Rxa7 Qxa7 34. Rxa7 Kxa7 35. Kg4 b5 36. Kf4 Kb6 37. h4 b4 38. Ke4 Kb5 39. h5 Kc4 40. h6 b3 41. h7 b2 42. h8Q b1Q+ 43. Kf4 d5 44. Qc8+ Kd4 45. g4 Qg6 46. g5 Qd6+ 47. Kg4 Ke3 48. Qc3+ Ke2 49. Qc2+ Ke3 50. Qc3+ Ke2 51. Qd4 Qc6 52. f4 Qc4 53. Qe5+ Kf2 54. g6 d4 55. g7 d3 56. Qb2+ Ke3 57. Qe5+ Kf2 58. Qd6 Qf7 59. Qd4+ Ke2 60. Qe4+ Kd2 61. Qh7 Qe6+ 62. Qf5 Qg8 63. Qf8 Qe6+ 64. Kg5 Qd5+ 65. f5 Qg2+ 66. Kf6 Qc6+ 67. Kf7 Qd5+ 68. Kg6 Qg2+ 69. Kh7 Qh1+ 70. Kg8 Qd5+ 71. Qf7 Qa8+ 72. Kh7 Qh1+ 73. Kg6 Qg1+ 74. Kh6 Qe3+ 75. Kg6 Qg1+ 76. Kf6 Qd4+ 77. Ke6 Qe4+ 78. Kd7 Qa4+ 79. Kd8 Qa8+ 80. Ke7 Qa7+ 81. Kf8 Qc5+ 82. Kg8 Kc1 83. Kh8 d2 84. g8Q d1Q 85. Qc4+ Qxc4 86. Qxc4+ 1-0

[Event "Oberwart op 25th"]
[Site "Oberwart"]
[Date "2003.07.06"]
[Round "2"]
[White "Schweda, Roland"]
[Black "Nepveu, Manuel"]
[Result "1-0"]
[WhiteElo "2381"]
[BlackElo "2076"]
[PlyCount "51"]
[EventDate "2003.07.05"]
[EventType "swiss"]
[EventRounds "9"]
[EventCountry "AUT"]
[SourceTitle "CBM 095 Extra"]
[Source "ChessBase"]
[SourceDate "2003.09.04"]
[SourceVersion "1"]
[SourceVersionDate "2003.09.04"]
[SourceQuality "1"]

1. d4 Nf6 2. c4 g6 3. Nc3 d5 4. cxd5 Nxd5 5. Bd2 Bg7 6. e4 Nxc3 7. Bxc3 c5 8. d5 Bxc3+ 9. bxc3 Nd7 10. Nf3 Nf6 11. Bb5+ Bd7 12. Qd3 0-0 13. Bxd7 Qxd7 14. 0-0 Qg4 15. Rfe1 Nh5 16. Rab1 Nf4 17. Qf1 b6 18. Ne5 Qg5 19. Nc6 h5 20. g3 h4 21. Kh1 hxg3 22. fxg3 Nh5 23. Qf3 Kg7 24. Kg2 Rh8 25. h4 Qh6 26. Rf1 1-0

[Event "Liechtenstein op 18th"]
[Site "Triesen"]
[Date "2000.??.??"]
[Round "1"]
[White "Nepveu, Manuel"]
[Black "Brestian, Egon"]
[Result "0-1"]
[WhiteElo "2089"]
[BlackElo "2421"]
[PlyCount "82"]
[EventDate "2000.05.27"]
[EventType "swiss"]
[EventRounds "9"]
[EventCountry "LIE"]
[SourceTitle "EXT 2001"]
[Source "ChessBase"]
[SourceDate "2000.11.22"]
[SourceVersion "1"]
[SourceVersionDate "2000.11.22"]
[SourceQuality "1"]

1. d4 Nf6 2. c4 g6 3. Nc3 Bg7 4. e4 d6 5. Be2 0-0 6. Bg5 h6 7. Be3 e5 8. dxe5 dxe5 9. Qxd8 Rxd8 10. Nd5 Nxd5 11. cxd5 c6 12. Bc4 b5 13. Bb3 Bb7 14. Rc1 a5 15. a3 cxd5 16. Rc7 Bc6 17. Ba7 Na6 18. Rxc6 Rxa7 19. Bxd5 Nc7 20. Ba2 b4 21. Nf3 bxa3 22. bxa3 Rd3 23. 0-0 Rxa3 24. Bc4 Ne6 25. Bxe6 fxe6 26. Rxe6 Kf7 27. Rc6 Ra4 28. Nd2 Rb4 29. Nc4 a4 30. Nd6+ Kg8 31. Nc8 Ra8 32. f3 a3 33. Ne7+ Kh7 34. Nd5 Rb2 35. Rb6 Bf8 36. Rc6 a2 37. Rc7+ Bg7 38. Rcc1 h5 39. Nc3 Bh6 40. Ra1 Be3+ 41. Kh1 Bd4 0-1

[Event "Casino op 3rd"]
[Site "Velden"]
[Date "1995.??.??"]
[Round "2"]
[White "Nepveu, Manuel"]
[Black "Vitouch, Anatol"]
[Result "1-0"]
[WhiteElo "1937"]
[BlackElo "1336"]
[PlyCount "55"]
[EventDate "1995.06.30"]
[EventType "swiss"]
[EventRounds "9"]
[EventCountry "AUT"]
[SourceTitle "EXT 2022"]
[Source "ChessBase"]
[SourceDate "2021.10.06"]
[SourceVersion "1"]
[SourceVersionDate "2021.10.06"]
[SourceQuality "1"]

1. d4 Nf6 2. c4 e6 3. Nf3 d5 4. g3 Nc6 5. Bg2 Bb4+ 6. Bd2 Bxd2+ 7. Nbxd2 0-0 8. 0-0 Re8 9. e3 Bd7 10. Rc1 Rc8 11. a3 a5 12. Ne5 Qe7 13. Nb3 Ra8 14. f4 Qd6 15. Nc5 Reb8 16. g4 Bc8 17. g5 Ne8 18. Qh5 g6 19. Qh4 b6 20. Nxc6 Qxc6 21. cxd5 exd5 22. Na6 Qxc1 23. Rxc1 Rxa6 24. Bxd5 Be6 25. Bxe6 fxe6 26. Rc6 Ng7 27. Rxc7 b5 28. Qh6 1-0